000 00924nam a22002297a 4500
999 _c9747
_d9747
003 AR-CdUCM
008 190328b ||||| |||| 00| 0 spa d
040 _aMUNICIPALIDAD PROVINCIAL DEL CUSCO
_cBIBLIOTECA MUNICIPAL DEL CUSCO
082 _a985.542 /
_bM84 / 1951
100 _aMinisterio de Educación Pública.
_96315
245 _aMonografía de la provincia de Parinacochas /
260 _aLima :
_bCentro de Colaboración Pedagógica Provincial del Magisterio Primario de la Provincia de Parinacochas,
_c1951.
300 _a2 tomos ;
_bil., diagrs., facsíms., mapas, música, planos, retrs.
_c25 cm.
505 _aContenido: t.1. Historia. Geografía -- t.2. Geografía. Folklore. Pedagogía. Proyectos.
650 _aFolklore
_91081
650 _aPerú
_935
650 _aParinacochas
_926171
650 _aAyacucho
_93896
700 _aGarcía Cuéllar, Filiberto
_926172
942 _2ddc
_cLIBROS
945 _apjha